Normal view
MARC view
Entry Personal Name
001 - CONTROL NUMBER
- control field: 16361
003 - CONTROL NUMBER IDENTIFIER
- control field: OSt
005 - DATE AND TIME OF LATEST TRANSACTION
- control field: 20200221115605.0
008 - FIXED-LENGTH DATA ELEMENTS
- fixed length control field: 200221|| aca||aabn | a|a d
040 ## - CATALOGING SOURCE
- Original cataloging agency: OSt
- Transcribing agency: OSt
100 ## - HEADING--PERSONAL NAME
- Personal name: Gemunden, Hans George
670 ## - SOURCE DATA FOUND
- Source citation: Work cat.: (OSt): Kock, Alexander 16360, Project lineage management and project portfolio success
